| 000 | 01117nam a22002417a 4500 | ||
|---|---|---|---|
| 005 | 20240305165400.0 | ||
| 007 | cr|||| |||| | ||
| 008 | 120925s2010 sp |||||s|||| 00||0 spa d | ||
| 020 | _a978-84-15455-15-8 | ||
| 035 | _a6325 | ||
| 040 | _avLex | ||
| 090 |
_c3475 _d3475 |
||
| 100 | 1 | _aMartín Meléndez, María Teresa | |
| 245 | 1 | 3 |
_aLa sustitución fideicomisaria sobre la legítima estricta en presencia de incapacitados _h[Recurso electrónico] / _cMaría Teresa Martín Meléndez |
| 256 | _aServicio en línea | ||
| 260 |
_aMadrid : _bDykinson, _c2011 |
||
| 300 | _a1 recurso electrónico | ||
| 506 | 1 |
_aContenido solo disponible en los productos indicados _dvLex Global _dvLex Global (Academic Edition, excluding Law Schools) _dvLex Global (U.S. Academic Edition, Law Schools) _dvLex Global (U.S. Academic Edition, excluding Law Schools) _dvLex Global (Academic Edition, Law Schools) |
|
| 650 | 0 | 4 | _aDerecho civil |
| 740 | 0 | _avLex Libros (Servicio en línea) | |
| 856 | 4 | 0 | _uhttps://app.vlex.com/#/sources/sustitucion-fideicomisaria-legitima-estricta-presencia-incapacitados-6325 |
| 942 | _cRAA | ||
| 999 |
_c161865 _d161865 |
||